|
|
|
|
| LEADER |
00000nam a22000007a 4500 |
| 005 |
20210308233629.0 |
| 007 |
cr|||| |||| |
| 008 |
210308s2021 mx |||||s|||| 00||0 spa d |
| 020 |
|
|
|a 978-607-563-096-0
|
| 035 |
|
|
|a 33269
|
| 040 |
|
|
|a vLex
|
| 090 |
|
|
|c 11325
|d 11325
|
| 245 |
0 |
0 |
|a Normas de Informacin̤ Financiera (NIF) 2021
|h [Recurso electrn̤ico] /
|
| 256 |
|
|
|a Servicio en ln̕ea
|
| 260 |
|
|
|a Ciudad de Mx̌ico:
|b Instituto Mexicano de Contadores Pb︢licos,
|c 2021
|
| 300 |
|
|
|a 1 recurso electrn̤ico
|
| 506 |
1 |
|
|a Disponible solo en los productos indicados
|d vLex Global
|d vLex Global (Academic Edition, excluding Law Schools)
|d vLex Global (U.S. Academic Edition, Law Schools)
|d vLex Global (U.S. Academic Edition, excluding Law Schools)
|d vLex Global (Academic Edition, Law Schools)
|
| 650 |
0 |
4 |
|a Paquetes Especiales
|z Mx̌ico
|
| 740 |
|
|
|a vLex Libros (Servicio en ln̕ea)
|
| 856 |
4 |
0 |
|u http://vlex.com/source/normas-informacion-financiera-nif-2021-33269
|z Acceso restringido
|
| 942 |
|
|
|c BOOK
|
| 999 |
0 |
|
|a Special Packages
|